BUSINESS ETHICS AND MANAGERIAL VALUES (Record no. 26447)

000 -LEADER
fixed length control field 00341nam a2200145Ia 4500
008 - FIXED-LENGTH DATA ELEMENTS--GENERAL INFORMATION
fixed length control field 200615s9999||||xx |||||||||||||| ||und||
020 ## - INTERNATIONAL STANDARD BOOK NUMBER
International Standard Book Number 8172693946
082 ## - DEWEY DECIMAL CLASSIFICATION NUMBER
Classification number 650
Item number BUS-B
100 ## - MAIN ENTRY--PERSONAL NAME
Personal name BHATIA,S.K
245 #0 - TITLE STATEMENT
Title BUSINESS ETHICS AND MANAGERIAL VALUES
250 ## - EDITION STATEMENT
Edition statement 1ST
260 ## - PUBLICATION, DISTRIBUTION, ETC.
Name of publisher, distributor, etc. DEEP PUBLICATION
Date of publication, distribution, etc. 2006
300 ## - PHYSICAL DESCRIPTION
Extent 480
942 ## - ADDED ENTRY ELEMENTS (KOHA)
Koha item type Book
Holdings
Withdrawn status Lost status Damaged status Not for loan Collection code Permanent Location Current Location Shelving location Date acquired Total Checkouts Full call number Barcode Date last seen Price effective from Koha item type
        School of Management Maharishi School of Business & Management (Lucknow) Maharishi School of Business & Management (Lucknow) R11S1 2020-06-15   174 SOM02802 2020-06-15 2020-06-15 Book

All Rights Reserved@MUIT

Powered by Koha